Statistiques concernant Nombres en grec ancien

Cliquez ici pour prendre le quiz!

Statistiques générales

  • Ce quiz a été pris 59 fois
  • Le résultat moyen est 6 sur 20

Statistiques - réponses

Grec AncienNombre% Correct
εἷς1
100%
δέκα10
100%
δύο2
100%
τρεῖς καί εἴκοσι23
100%
δύο καί τριάκοντα32
100%
πέντε καί τριάκοντα35
100%
πέντε5
100%
τρεῖς καί πεντήκοντα53
100%
πέντε καί πεντήκοντα55
100%
ὀκτώ καί πεντήκοντα58
100%
ἕξ6
100%
εἷς καί ἑβδομήκοντα71
100%
ἑκκαίδεκα16
50%
τετράκις χίλιοι4000
50%
δώδεκα12
33%
ἑκατόν100
0%
χίλιοι1000
0%
μύριοι10000
0%
ἕνδεκα11
0%
τρεισκαίδεκα13
0%
τεσσαρεσκαίδεκα14
0%
πεντεκαίδεκα15
0%
ἑπτακαίδεκα17
0%
ὀκτωκαίδεκα18
0%
ἐννεακαίδεκα19
0%
εἴκοσι20
0%
διακόσιοι200
0%
δισχίλιοι2000
0%
εἷς καί εἴκοσι21
0%
δύο καί εἴκοσι22
0%
τέσσαρες καί εἴκοσι24
0%
πέντε καί εἴκοσι25
0%
ἕξ καί εἴκοσι26
0%
ἑπτά καί εἴκοσι27
0%
ὀκτώ καί εἴκοσι28
0%
ἐννέα καί εἴκοσι29
0%
τρεῖς3
0%
τριάκοντα30
0%
τριακόσιοι300
0%
τρισχίλιοι3000
0%
εἷς καί τριάκοντα31
0%
τρεῖς καί τριάκοντα33
0%
τέσσαρες καί τριάκοντα34
0%
ἕξ καί τριάκοντα36
0%
ἑπτά καί τριάκοντα37
0%
ὀκτώ καί τριάκοντα38
0%
ἐννέα καί τριάκοντα39
0%
τέσσαρες4
0%
τεσσαράκοντα40
0%
τετρακόσιοι400
0%
εἷς καί τεσσαράκοντα41
0%
δύο καί τεσσαράκοντα42
0%
τρεῖς καί τεσσαράκοντα43
0%
τέσσαρες καί τεσσαράκοντα44
0%
πέντε καί τεσσαράκοντα45
0%
ἕξ καί τεσσαράκοντα46
0%
ἑπτά καί τεσσαράκοντα47
0%
ὀκτώ καί τεσσαράκοντα48
0%
ἐννέα καί τεσσαράκοντα49
0%
πεντήκοντα50
0%
πεντακόσιοι500
0%
πεντάκις χίλιοι5000
0%
εἷς καί πεντήκοντα51
0%
δύο καί πεντήκοντα52
0%
τέσσαρες καί πεντήκοντα54
0%
ἕξ καί πεντήκοντα56
0%
ἑπτά καί πεντήκοντα57
0%
ἐννέα καί πεντήκοντα59
0%
ἑξήκοντα60
0%
ἑξακόσιοι600
0%
ἑξάκις χίλιοι6000
0%
εἷς καί ἑξήκοντα61
0%
δύο καί ἑξήκοντα62
0%
τρεῖς καί ἑξήκοντα63
0%
τέσσαρες καί ἑξήκοντα64
0%
πέντε καί ἑξήκοντα65
0%
ἕξ καί ἑξήκοντα66
0%
ἑπτά καί ἑξήκοντα67
0%
ὀκτώ καί ἑξήκοντα68
0%
ἐννέα καί ἑξήκοντα69
0%
ἑπτά7
0%
ἑβδομήκοντα70
0%
ἑπτακόσιοι700
0%
ἑπτάκις χίλιοι7000
0%
δύο καί ἑβδομήκοντα72
0%
τρεῖς καί ἑβδομήκοντα73
0%
τέσσαρες καί ἑβδομήκοντα74
0%
πέντε καί ἑβδομήκοντα75
0%
ἕξ καί ἑβδομήκοντα76
0%
ἑπτά καί ἑβδομήκοντα77
0%
ὀκτώ καί ἑβδομήκοντα78
0%
ἐννέα καί ἑβδομήκοντα79
0%
ὀκτώ8
0%
ὀγδοήκοντα80
0%
ὀκτακόσιοι800
0%
ὀκτάκις χίλιοι8000
0%
εἷς καί ὀγδοήκοντα81
0%
δύο καί ὀγδοήκοντα82
0%
τρεῖς καί ὀγδοήκοντα83
0%
τέσσαρες καί ὀγδοήκοντα84
0%
πέντε καί ὀγδοήκοντα85
0%
ἕξ καί ὀγδοήκοντα86
0%
ἑπτά καί ὀγδοήκοντα87
0%
ὀκτώ καί ὀγδοήκοντα88
0%
ἐννέα καί ὀγδοήκοντα89
0%
ἐννέα9
0%
ἐνενήκοντα90
0%
ἐνακόσιοι900
0%
ἐνάκις χίλιοι9000
0%
εἷς καί ἐνενήκοντα91
0%
δύο καί ἐνενήκοντα92
0%
τρεῖς καί ἐνενήκοντα93
0%
τέσσαρες καί ἐνενήκοντα94
0%
πέντε καί ἐνενήκοντα95
0%
ἕξ καί ἐνενήκοντα96
0%
ἑπτά καί ἐνενήκοντα97
0%
ὀκτώ καί ἐνενήκοντα98
0%
ἐννέα καί ἐνενήκοντα99
0%

Distribution des résultats

Percentile par nombre de réponses

% des personnes avec chaque résultat

Votre développement - résultats

Vous n’avez pas pris ce quiz